MARC details
| 000 -LEADER |
| fixed length control field |
00910cam a2200265 4500 |
| 001 - CONTROL NUMBER |
| control field |
3191840 |
| 003 - CONTROL NUMBER IDENTIFIER |
| control field |
BDDh-ASL |
| 005 - DATE AND TIME OF LATEST TRANSACTION |
| control field |
20231015030057.0 |
| 008 - FIXED-LENGTH DATA ELEMENTS--GENERAL INFORMATION |
| fixed length control field |
700710s1969 ii ach b 001 0 eng |
| 010 ## - LIBRARY OF CONGRESS CONTROL NUMBER |
| LC control number |
76907926 |
| 040 ## - CATALOGING SOURCE |
| Original cataloging agency |
DLC |
| Transcribing agency |
DLC |
| Modifying agency |
DLC |
| -- |
BDDh-ASL |
| 050 00 - LIBRARY OF CONGRESS CALL NUMBER |
| Classification number |
LG169 |
| Item number |
.A4552 |
| 082 ## - DEWEY DECIMAL CLASSIFICATION NUMBER |
| Classification number |
954.03 |
| Item number |
BHH |
| 100 1# - MAIN ENTRY--PERSONAL NAME |
| Personal name |
Bhatnagar, Shyam Krishna, |
| Dates associated with a name |
1909- |
| 245 10 - TITLE STATEMENT |
| Title |
History of the M.A.O. College, Aligarh / |
| Statement of responsibility, etc. |
[by] S. K. Bhatnagar. |
| 260 ## - PUBLICATION, DISTRIBUTION, ETC. |
| Place of publication, distribution, etc. |
Bombay : |
| Name of publisher, distributor, etc. |
Published for] Sir Syed Hall, Aligarh Muslim University [by] Asia Pub. House, |
| Date of publication, distribution, etc. |
[1969] |
| 300 ## - PHYSICAL DESCRIPTION |
| Extent |
xx, 373 p. : |
| Other physical details |
illus. facsim., port. |
| Dimensions |
25 cm. |
| 350 ## - PRICE (NR) (BK AM CF MU VM SE) [OBSOLETE] |
| Price |
35.00 |
| 440 #0 - SERIES STATEMENT/ADDED ENTRY--TITLE |
| Title |
Sir Syed Hall publication, |
| Volume/sequential designation |
no. 1 |
| 504 ## - BIBLIOGRAPHY, ETC. NOTE |
| Bibliography, etc. note |
Includes bibliographical references. |
| 610 20 - SUBJECT ADDED ENTRY--CORPORATE NAME |
| Corporate name or jurisdiction name as entry element |
Aligarh Muslim University |
| General subdivision |
History. |
| 710 2# - ADDED ENTRY--CORPORATE NAME |
| Corporate name or jurisdiction name as entry element |
Aligarh Muslim University. |
| 906 ## - LOCAL DATA ELEMENT F, LDF (RLIN) |
| a |
7 |
| b |
cbc |
| c |
orignew |
| d |
4 |
| e |
ncip |
| f |
19 |
| g |
y-gencatlg |
| 942 ## - ADDED ENTRY ELEMENTS (KOHA) |
| Source of classification or shelving scheme |
Dewey Decimal Classification |
| Koha item type |
Books |